| 000 | 00000nam##2200000za#4500 |
| 001 | 9.643308 |
| 003 | CaOODSP |
| 005 | 20250129103526 |
| 007 | cr ||||||||||| |
| 008 | 150407|2014||||xxc|||||o f|0| 0 fre|d |
| 020 | |a978-0-660-22150-2 |
| 040 | |aCaOODSP|bfre |
| 043 | |an-cn--- |
| 086 | 1 |aEn56-248/2014F-PDF |
| 110 | 2 |aService météorologique du Canada. |
| 245 | 10|aProjet de suivi de la caractérisation des MP2,5 de Kelowna 2006-2007 : |h[ressource électronique]|brapport final / |c[par] Keith Jones. |
| 260 | |aOttawa - Ontario : |bEnvironnement Canada. |cc2014. |
| 300 | |a54p.|bfigures, graphiques, références, tableaux |
| 590 | |a15-11|b2015-03-13 |
| 691 | 07|aPolluant|2gcpds |
| 691 | 07|aQualité de l'air|2gcpds |
| 775 | 08|tKelowna PM2.5 characterization monitoring project 2006–2007 : |w(CaOODSP)9.699319 |
| 856 | 40|ahttp://publications.gc.ca|qPDF|s2.05 Mo|uhttps://publications.gc.ca/collections/collection_2015/ec/En56-248-2014-fra.pdf |